000 00831cai a22002415a 4500
001 L159934
008 180406u xxk g 000 0 eng d
035 _a(Sirsi) u159934
041 0 _aeng
110 2 _aHomes England
_96204
245 0 0 _aHome England
_h[electronic resource]
520 _aLaunched on 11 January 2018 to boost housing building in England combining planning and land buying powers. Replaces Homes and Communities Agency.
590 _aNTK
650 2 4 _aHOMES ENGLAND
650 2 4 _aHOMES AND COMMUNITY AGENCY (HCA)
650 2 4 _aSOCIAL HOUSING
650 2 4 _aPUBLIC LAND
650 2 4 _aHOUSE BUILDING
651 4 _aEngland
_y886-
690 _aResidential property
_96266
856 4 0 _uhttps://www.gov.uk/government/organisations/homes-england
_zView the website free of charge at www.gov.uk
942 _n0
999 _c121057
_d121057